000 00533nam a22001457a 4500
082 _a297.124
_bMUB
100 _aMubarakpuri, Mulana Safiar Rehman
_951019
245 _aبلوغ المرام
_b من أدلة الأحكام
_cحافظ ابن حجر عسقلانی
260 _aLahore,
_bDarus Salam,
_c1997.
300 _a992p. :
_bVol . I & II.
_c28cm.
500 _a مولانا صفی الرحمن مبارکپوری
526 _a0
_b0
_c0
_d297_124000000000000_MUB
526 _a0
_b0
_c0
_d297_124000000000000_MUB
942 _2ddc
_cBK
999 _c553755
_d553755